[Event "4NCL chT 1995/96 3rd"]
[Site "Various"]
[Date "1995.11.25"]
[Round "1.21"]
[White "Cummings, David H"]
[Black "Chandler, Murray G"]
[Result "0-1"]
[WhiteElo "2350"]
[BlackElo "2535"]
[PlyCount "76"]
[EventDate "1995.11.25"]
[EventType "team-tourn"]
[EventRounds "13"]
[EventCountry "GBR"]
[SourceTitle "BritBase"]
[Source "britbase.info"]
[SourceDate "2021.07.30"]
[SourceVersion "1"]
[SourceVersionDate "2021.07.30"]
[SourceQuality "1"]
[WhiteTeam "South Wales Dragons"]
[BlackTeam "British Chess Magazine"]
[WhiteTeamCountry "ENG"]
[BlackTeamCountry "ENG"]

1. d4 d5 2. c4 e6 3. Nc3 c5 4. cxd5 exd5 5. Nf3 Nc6 6. g3 Nf6 7. Bg2 Be7 8. O-O
O-O 9. Bg5 cxd4 10. Nxd4 h6 11. Be3 Re8 12. a3 Be6 13. Rc1 Qd7 14. Nxe6 fxe6
15. Na4 e5 16. Qc2 Rac8 17. Bxh6 Nd4 18. Qg6 Bf8 19. Nc3 Rxc3 20. bxc3 Nxe2+
21. Kh1 Nxc1 22. Bxc1 Qc6 23. Kg1 Ne4 24. Qh5 b5 25. Bh3 g6 26. Qg4 Bc5 27. Qd7
Qxd7 28. Bxd7 Rf8 29. Be6+ Kg7 30. Bxd5 Nxc3 31. Bb3 Ne2+ 32. Kh1 Rxf2 33. Rxf2
Bxf2 34. Bb2 Bd4 35. Bxd4 Nxd4 36. Bd1 a5 37. Kg2 a4 38. Kf2 b4 {Source:
Murray Chandler} 0-1

[Event "4NCL chT 1995/96 3rd"]
[Site "Various"]
[Date "1995.11.25"]
[Round "1.22"]
[White "Levitt, Jonathan P"]
[Black "Zeidler, Sven P"]
[Result "1-0"]
[WhiteElo "2420"]
[BlackElo "2345"]
[PlyCount "75"]
[EventDate "1995.11.25"]
[EventType "team-tourn"]
[EventRounds "13"]
[EventCountry "GBR"]
[SourceTitle "BritBase"]
[Source "britbase.info"]
[SourceDate "2021.07.30"]
[SourceVersion "1"]
[SourceVersionDate "2021.07.30"]
[SourceQuality "1"]
[WhiteTeam "British Chess Magazine"]
[BlackTeam "South Wales Dragons"]
[WhiteTeamCountry "ENG"]
[BlackTeamCountry "ENG"]

1. d4 f5 2. Nc3 d5 3. Bf4 Nf6 4. e3 c6 5. Bd3 e6 6. Nf3 Nbd7 7. O-O Be7 8. Ne2
Ne4 9. h3 O-O 10. c4 g5 11. Bh2 Qe8 12. Ne5 Nxe5 13. Bxe5 Bd6 14. Bxe4 Bxe5 15.
Bxd5 Bc7 16. Bf3 e5 17. Nc3 e4 18. Be2 Qg6 19. c5 g4 20. hxg4 Qh6 21. g3 Qh3
22. Bc4+ Kg7 23. Ne2 fxg4 24. d5 Be5 25. Nf4 Bxf4 26. Qd4+ Rf6 27. exf4 cxd5
28. Qxd5 Be6 29. Qxb7+ Rf7 30. Qxe4 Bxc4 31. Qxc4 Rf5 32. Rfd1 Raf8 33. Rd7+
R8f7 34. Rxf7+ Rxf7 35. Qd4+ Rf6 36. Re1 Kf7 37. Qd5+ Kg6 38. Qg8+ {Source:
South Wales Dragons} 1-0

[Event "4NCL chT 1995/96 3rd"]
[Site "Various"]
[Date "1995.11.25"]
[Round "1.23"]
[White "James, David J"]
[Black "Friedgood, David"]
[Result "0-1"]
[WhiteElo "2270"]
[BlackElo "2285"]
[PlyCount "72"]
[EventDate "1995.11.25"]
[EventType "team-tourn"]
[EventRounds "13"]
[EventCountry "GBR"]
[SourceTitle "BritBase"]
[Source "britbase.info"]
[SourceDate "2021.07.30"]
[SourceVersion "1"]
[SourceVersionDate "2021.07.30"]
[SourceQuality "1"]
[WhiteTeam "South Wales Dragons"]
[BlackTeam "British Chess Magazine"]
[WhiteTeamCountry "ENG"]
[BlackTeamCountry "ENG"]

1. d4 Nf6 2. c4 g6 3. Nc3 Bg7 4. e4 d6 5. f3 c6 6. Be3 a6 7. Nge2 b5 8. Nc1
Nbd7 9. Nb3 O-O 10. Be2 bxc4 11. Bxc4 a5 12. O-O a4 13. Nd2 Qa5 14. a3 Nb6 15.
Bd3 Ba6 16. Qe2 Rfb8 17. Rfc1 Nbd7 18. Nd1 c5 19. dxc5 Bxd3 20. Qxd3 Nxc5 21.
Bxc5 dxc5 22. Nc4 Qa6 23. Rc2 Ne8 24. e5 Rd8 25. Qe2 Nc7 26. Nde3 Ne6 27. Qf1
Bh6 28. Ng4 Bg7 29. Rd1 Rd4 30. Rxd4 cxd4 31. Nf2 Rc8 32. Qc1 d3 33. Nxd3 Nd4
34. Nb4 Qe6 35. Nb6 Rxc2 36. Qd1 Rc1 {Source: South Wales Dragons} 0-1

[Event "4NCL chT 1995/96 3rd"]
[Site "Various"]
[Date "1995.11.25"]
[Round "1.24"]
[White "Cafferty, Bernard"]
[Black "Morris, Charles F"]
[Result "1/2-1/2"]
[WhiteElo "2260"]
[BlackElo "2200"]
[PlyCount "33"]
[EventDate "1995.11.25"]
[EventType "team-tourn"]
[EventRounds "13"]
[EventCountry "GBR"]
[SourceTitle "BritBase"]
[Source "britbase.info"]
[SourceDate "2021.07.30"]
[SourceVersion "1"]
[SourceVersionDate "2021.07.30"]
[SourceQuality "1"]
[WhiteTeam "British Chess Magazine"]
[BlackTeam "South Wales Dragons"]
[WhiteTeamCountry "ENG"]
[BlackTeamCountry "ENG"]

1. c4 e5 2. Nc3 Nc6 3. Nf3 g6 4. d4 exd4 5. Nxd4 Bg7 6. Nxc6 bxc6 7. g3 Nf6 8.
Bg2 O-O 9. O-O Re8 10. Qc2 Rb8 11. Rd1 c5 12. b3 d6 13. Bb2 Bf5 14. Qd2 Qe7 15.
Re1 Ne4 16. Nxe4 Bxb2 17. Qxb2 {Source: South Wales Dragons} 1/2-1/2

[Event "4NCL chT 1995/96 3rd"]
[Site "Various"]
[Date "1995.11.25"]
[Round "1.25"]
[White "Spice, Alan P"]
[Black "Edwards, Raymond B"]
[Result "1-0"]
[WhiteElo "2175"]
[BlackElo "2135"]
[PlyCount "51"]
[EventDate "1995.11.25"]
[EventType "team-tourn"]
[EventRounds "13"]
[EventCountry "GBR"]
[SourceTitle "BritBase"]
[Source "britbase.info"]
[SourceDate "2021.07.30"]
[SourceVersion "1"]
[SourceVersionDate "2021.07.30"]
[SourceQuality "1"]
[WhiteTeam "South Wales Dragons"]
[BlackTeam "British Chess Magazine"]
[WhiteTeamCountry "ENG"]
[BlackTeamCountry "ENG"]

1. Nc3 d5 2. e4 d4 3. Nce2 e5 4. Ng3 Nf6 5. Nf3 Bd6 6. c3 c5 7. Bb5+ Nc6 8. Qa4
Qc7 9. cxd4 cxd4 10. O-O O-O 11. d3 Bd7 12. Bg5 a6 13. Bxc6 Bxc6 14. Qd1 Nd7
15. Nf5 Nc5 16. Rc1 Ne6 17. a3 Qd7 18. Bd2 a5 19. Ng5 Rfe8 20. Qh5 Nxg5 21.
Qxg5 Bf8 22. f4 f6 23. Qg3 exf4 24. Bxf4 Bb5 25. Rc7 Qe6 26. Nxg7 {Source:
South Wales Dragons} 1-0

[Event "4NCL chT 1995/96 3rd"]
[Site "Various"]
[Date "1995.11.25"]
[Round "1.26"]
[White "Lauterbach, Ingrid"]
[Black "Saunders, John C"]
[Result "0-1"]
[WhiteElo "2175"]
[BlackElo "2245"]
[PlyCount "68"]
[EventDate "1995.11.25"]
[EventType "team-tourn"]
[EventRounds "13"]
[EventCountry "GBR"]
[SourceTitle "BritBase"]
[Source "britbase.info"]
[SourceDate "2021.07.30"]
[SourceVersion "1"]
[SourceVersionDate "2021.07.30"]
[SourceQuality "1"]
[WhiteTeam "British Chess Magazine"]
[BlackTeam "South Wales Dragons"]
[WhiteTeamCountry "ENG"]
[BlackTeamCountry "ENG"]

1. Nf3 g6 2. e4 Bg7 3. g3 d6 4. Bg2 c5 5. O-O e5 6. c3 Nc6 7. d3 Nge7 8. Nh4
Be6 9. f4 Qd7 10. Qf3 exf4 11. gxf4 f5 12. Nd2 O-O-O 13. Qf2 Rhf8 14. Ndf3 fxe4
15. dxe4 d5 16. Qxc5 dxe4 17. Ng5 Nf5 18. Nxf5 gxf5 19. Be3 Bg8 20. Qa3 h6 21.
Nh3 Bc4 22. Rfe1 b6 23. Nf2 Kb7 24. Rad1 Qc7 25. b3 Bf7 26. Rc1 Rg8 27. c4 Bd4
28. Nh3 Bh5 29. Kh1 Qg7 30. Rc2 Bxe3 31. Rxe3 Rd1+ 32. Ng1 Qa1 33. h3 Rxg1+ 34.
Kh2 Rh1+ {Source: John Saunders} 0-1

[Event "4NCL chT 1995/96 3rd"]
[Site "Various"]
[Date "1995.11.25"]
[Round "1.27"]
[White "Adams, Mark"]
[Black "Anderton, David William"]
[Result "1/2-1/2"]
[WhiteElo "2115"]
[BlackElo "2195"]
[PlyCount "77"]
[EventDate "1995.11.25"]
[EventType "team-tourn"]
[EventRounds "13"]
[EventCountry "GBR"]
[SourceTitle "BritBase"]
[Source "britbase.info"]
[SourceDate "2021.07.30"]
[SourceVersion "1"]
[SourceVersionDate "2021.07.30"]
[SourceQuality "1"]
[WhiteTeam "South Wales Dragons"]
[BlackTeam "British Chess Magazine"]
[WhiteTeamCountry "ENG"]
[BlackTeamCountry "ENG"]

1. e4 e6 2. d4 d5 3. Nc3 Bb4 4. e5 c5 5. a3 Bxc3+ 6. bxc3 Ne7 7. Qg4 Kf8 8. Nf3
Qa5 9. Bd2 Qa4 10. Be2 b6 11. O-O Ba6 12. Bxa6 Nxa6 13. Ne1 Nf5 14. Qf4 h5 15.
Be3 Rc8 16. Nf3 Qxc2 17. Rfc1 Qa4 18. Nh4 Nxh4 19. Qxh4 c4 20. g4 g6 21. f4 Qd7
22. Rf1 Qe7 23. Qxe7+ Kxe7 24. f5 gxf5 25. gxf5 Rcg8+ 26. Kh1 Nb8 27. h4 Rg3
28. Bg5+ Kd7 29. fxe6+ fxe6 30. Rf7+ Kc6 31. Re7 Rxc3 32. Rxe6+ Kb7 33. Rd6 Rf8
34. e6 Nc6 35. Rxd5 Rf2 36. e7 Re2 37. Rd8 Rh3+ 38. Kg1 Rhh2 39. e8=Q {Source:
South Wales Dragons} 1/2-1/2

[Event "4NCL chT 1995/96 3rd"]
[Site "Various"]
[Date "1995.11.25"]
[Round "1.43"]
[White "Littlewood, Paul E"]
[Black "Ferguson, Mark"]
[Result "1-0"]
[WhiteElo "2445"]
[BlackElo "2360"]
[PlyCount "95"]
[EventDate "1995.11.25"]
[EventType "team-tourn"]
[EventRounds "13"]
[EventCountry "GBR"]
[SourceTitle "BritBase"]
[Source "britbase.info"]
[SourceDate "2021.07.30"]
[SourceVersion "1"]
[SourceVersionDate "2021.07.30"]
[SourceQuality "1"]
[WhiteTeam "Wood Green"]
[BlackTeam "Guildford"]
[WhiteTeamCountry "ENG"]
[BlackTeamCountry "ENG"]

1. Nf3 d5 2. g3 Nf6 3. Bg2 Bf5 4. c4 c6 5. b3 h6 6. Bb2 e6 7. O-O Be7 8. d3 O-O
9. Nbd2 a5 10. cxd5 exd5 11. Nh4 Be6 12. Rc1 Nh7 13. Nhf3 Ng5 14. Nd4 Bg4 15.
f3 Bc8 16. f4 Nh7 17. e4 Re8 18. h3 Na6 19. N2f3 c5 20. Nb5 Nb4 21. a3 dxe4 22.
dxe4 Nd3 23. Rc2 Nxb2 24. Rxb2 Qb6 25. Nc3 c4+ 26. Kh2 Bxa3 27. Nd5 Qc5 28. Rc2
b5 29. Ne5 Ba6 30. Qa1 Bb4 31. Nd3 Qa7 32. bxc4 bxc4 33. N3xb4 axb4 34. Nxb4
Bb5 35. Ra2 Qb8 36. Rff2 Rxa2 37. Rxa2 Qb6 38. e5 Nf8 39. Nd5 Qc5 40. Qc3 Ne6
41. Rd2 Nd8 42. Ne3 Bc6 43. Rd4 Bxg2 44. Rxc4 Qb6 45. Nxg2 Ne6 46. f5 Nf8 47.
e6 fxe6 48. Rc7 {Source: Paul Littlewood} 1-0

[Event "4NCL chT 1995/96 3rd"]
[Site "Various"]
[Date "1995.11.25"]
[Round "1.58"]
[White "Lawton, Geoffrey W"]
[Black "Forbes, Cathy"]
[Result "1-0"]
[WhiteElo "2385"]
[BlackElo "2125"]
[PlyCount "63"]
[EventDate "1995.11.25"]
[EventType "team-tourn"]
[EventRounds "13"]
[EventCountry "GBR"]
[SourceTitle "BritBase"]
[Source "britbase.info"]
[SourceDate "2021.07.30"]
[SourceVersion "1"]
[SourceVersionDate "2021.07.30"]
[SourceQuality "1"]
[WhiteTeam "Midland Monarchs"]
[BlackTeam "Hertford"]
[WhiteTeamCountry "ENG"]
[BlackTeamCountry "ENG"]

1. a3 g6 2. h4 Nf6 3. b4 Bg7 4. Bb2 d6 5. c4 e5 6. d3 a5 7. b5 b6 8. g3 Bb7 9.
e4 Nbd7 10. Nc3 Nc5 11. Bg2 O-O 12. Nh3 Nfd7 13. h5 f5 14. hxg6 hxg6 15. Bc1
Nf6 16. Ng5 Qd7 17. Rb1 Rae8 18. Nd5 Bxd5 19. cxd5 a4 20. Rb4 Qe7 21. exf5 gxf5
22. Rbh4 e4 23. dxe4 fxe4 24. O-O Qe5 25. Kh2 Nd3 26. Nxe4 Nxc1 27. Qxc1 Nxd5
28. Qc4 Rf7 29. Nxd6 Qxd6 30. Bxd5 Ref8 31. Rf4 Bf6 32. Kg2 {Source: CHESS,
January 1996, p29} 1-0

[Event "4NCL chT 1995/96 3rd"]
[Site "Various"]
[Date "1995.11.26"]
[Round "2.21"]
[White "Chandler, Murray G"]
[Black "Emms, John M"]
[Result "0-1"]
[WhiteElo "2535"]
[BlackElo "2485"]
[PlyCount "72"]
[EventDate "1995.11.25"]
[EventType "team-tourn"]
[EventRounds "13"]
[EventCountry "GBR"]
[SourceTitle "BritBase"]
[Source "britbase.info"]
[SourceDate "2021.07.30"]
[SourceVersion "1"]
[SourceVersionDate "2021.07.30"]
[SourceQuality "1"]
[WhiteTeam "British Chess Magazine"]
[BlackTeam "Wood Green"]
[WhiteTeamCountry "ENG"]
[BlackTeamCountry "ENG"]

1. e4 e5 2. Nf3 Nc6 3. Bc4 Nf6 4. Ng5 d5 5. exd5 Na5 6. Bb5+ Bd7 7. Bxd7+ Qxd7
8. O-O O-O-O 9. d4 exd4 10. Qxd4 Nc6 11. Qc4 Nxd5 12. Nc3 Nxc3 13. bxc3 Ne5 14.
Qe2 h6 15. Ne4 f5 16. Ng3 Bd6 17. Bf4 Nf7 18. Rfd1 g5 19. Bxd6 Nxd6 20. Rd5
Rhe8 21. Qd3 f4 22. Nf1 Qe6 23. Rd1 Nf7 24. c4 Rxd5 25. cxd5 Qe4 26. Qc3 Nd6
27. Qh3+ Kb8 28. Qxh6 Qxc2 29. Qh5 a6 30. Rd2 Qb1 31. Re2 Rxe2 32. Qxe2 Qe4 33.
Qd1 Qc4 34. h3 Qxa2 35. Qd4 Qc4 36. Qe5 a5 {time. Source: Murray Chandler} 0-1

[Event "4NCL chT 1995/96 3rd"]
[Site "Various"]
[Date "1995.11.26"]
[Round "2.23"]
[White "Friedgood, David"]
[Black "Littlewood, Paul E"]
[Result "1-0"]
[WhiteElo "2285"]
[BlackElo "2445"]
[PlyCount "67"]
[EventDate "1995.11.25"]
[EventType "team-tourn"]
[EventRounds "13"]
[EventCountry "GBR"]
[SourceTitle "BritBase"]
[Source "britbase.info"]
[SourceDate "2021.07.30"]
[SourceVersion "1"]
[SourceVersionDate "2021.07.30"]
[SourceQuality "1"]
[WhiteTeam "British Chess Magazine"]
[BlackTeam "Wood Green"]
[WhiteTeamCountry "ENG"]
[BlackTeamCountry "ENG"]

1. c4 Nf6 2. Nc3 g6 3. e4 d6 4. d4 Bg7 5. Be2 O-O 6. Nf3 Nbd7 7. O-O e5 8. d5
Nc5 9. Bg5 h6 10. Bxf6 Bxf6 11. b4 Nd7 12. Rc1 Be7 13. Ne1 f5 14. Nd3 a5 15. a3
Nf6 16. Bf3 axb4 17. axb4 Bd7 18. g3 Kg7 19. Bg2 Ra3 20. f4 Ng4 21. Qd2 Qa8 22.
fxe5 Bg5 23. Qb2 Bxc1 24. Rxc1 Ne3 25. e6 Nxc4 26. Qf2 fxe4 27. Qd4+ Kh7 28.
Nxe4 Rxd3 29. Qxc4 Qa7+ 30. Kh1 Bb5 31. Qxc7+ Kg8 32. e7 Re8 33. Qxd6 Qd4 34.
Qxg6+ {Sources: Paul Littlewood; BCM, February 1996, p91} 1-0

[Event "4NCL chT 1995/96 3rd"]
[Site "Various"]
[Date "1995.11.26"]
[Round "2.51"]
[White "Arkell, Keith C"]
[Black "Bates, Richard"]
[Result "0-1"]
[WhiteElo "2505"]
[BlackElo "2345"]
[PlyCount "52"]
[EventDate "1995.11.25"]
[EventType "team-tourn"]
[EventRounds "13"]
[EventCountry "GBR"]
[SourceTitle "BritBase"]
[Source "britbase.info"]
[SourceDate "2021.07.30"]
[SourceVersion "1"]
[SourceVersionDate "2021.07.30"]
[SourceQuality "1"]
[WhiteTeam "Midland Monarchs"]
[BlackTeam "Richmond"]
[WhiteTeamCountry "ENG"]
[BlackTeamCountry "ENG"]

1. d4 Nf6 2. Nf3 g6 3. c4 Bg7 4. g3 O-O 5. Bg2 d6 6. O-O Nbd7 7. d5 Nb6 8. Nfd2
a5 9. a4 Nfd7 10. Ra2 Nc5 11. b3 e5 12. dxe6 Bxe6 13. Bb2 Bxb2 14. Rxb2 d5 15.
cxd5 Bxd5 16. Nc3 Bxg2 17. Kxg2 Qf6 18. Qc2 Rfe8 19. Kg1 Rad8 20. Rfb1 Rd4 21.
e3 Rd7 22. Nce4 Nxe4 23. Nxe4 Qf3 24. Nc5 Rd5 25. e4 Rh5 26. b4 Rxh2 {Source:
BCM, February 1996, p91} 0-1

[Event "4NCL chT 1995/96 3rd"]
[Site "Various"]
[Date "1995.11.26"]
[Round "2.71"]
[White "Summerscale, Aaron"]
[Black "Cummings, David H"]
[Result "1/2-1/2"]
[WhiteElo "2455"]
[BlackElo "2350"]
[PlyCount "85"]
[EventDate "1995.11.25"]
[EventType "team-tourn"]
[EventRounds "13"]
[EventCountry "GBR"]
[SourceTitle "BritBase"]
[Source "britbase.info"]
[SourceDate "2021.07.30"]
[SourceVersion "1"]
[SourceVersionDate "2021.07.30"]
[SourceQuality "1"]
[WhiteTeam "Slough"]
[BlackTeam "South Wales Dragons"]
[WhiteTeamCountry "ENG"]
[BlackTeamCountry "ENG"]

1. d4 Nf6 2. Bg5 e6 3. e4 h6 4. Bxf6 Qxf6 5. Nc3 Bb4 6. Qd2 c5 7. a3 cxd4 8.
axb4 dxc3 9. bxc3 O-O 10. Nf3 Nc6 11. Be2 Rd8 12. O-O b6 13. Qe3 d6 14. Ra3 Bb7
15. Rfa1 Rac8 16. Bb5 Ne5 17. Rxa7 Ng4 18. Qe1 Bc6 19. Bxc6 Rxc6 20. h3 Ne5 21.
Nd4 Rc4 22. Rb7 Qg5 23. Kh1 Rdc8 24. Nb5 Qf4 25. Nxd6 Rxc3 26. Nxc8 Rxh3+ 27.
gxh3 Nf3 28. Qg1 Nxg1 29. Kxg1 Qxe4 30. Raa7 Qe1+ 31. Kg2 Qe4+ 32. Kg1 Qe1+ 33.
Kg2 Qe4+ 34. Kf1 Qc4+ 35. Kg1 Qxc8 36. Rxf7 Qxc2 37. Rxg7+ Kh8 38. Rg3 Qb1+ 39.
Kg2 Qxb4 40. Ra8+ Kh7 41. Ra7+ Kh8 42. Rg4 Qd2 43. Ra8+ {Source: South Wales
Dragons} 1/2-1/2

[Event "4NCL chT 1995/96 3rd"]
[Site "Various"]
[Date "1995.11.26"]
[Round "2.72"]
[White "Zeidler, Sven P"]
[Black "Hennigan, Michael T"]
[Result "1/2-1/2"]
[WhiteElo "2345"]
[BlackElo "2465"]
[PlyCount "117"]
[EventDate "1995.11.25"]
[EventType "team-tourn"]
[EventRounds "13"]
[EventCountry "GBR"]
[SourceTitle "BritBase"]
[Source "britbase.info"]
[SourceDate "2021.07.30"]
[SourceVersion "1"]
[SourceVersionDate "2021.07.30"]
[SourceQuality "1"]
[WhiteTeam "South Wales Dragons"]
[BlackTeam "Slough"]
[WhiteTeamCountry "ENG"]
[BlackTeamCountry "ENG"]

1. e4 c5 2. f4 d5 3. exd5 Nf6 4. Nc3 Nxd5 5. Bb5+ Bd7 6. Qf3 Nxc3 7. Bxd7+ Qxd7
8. dxc3 e6 9. Be3 Be7 10. Qf2 Qc7 11. Nf3 Nd7 12. O-O-O O-O 13. g4 Rad8 14. f5
Nf6 15. Rxd8 Qxd8 16. Rg1 Qd5 17. Nd2 Qxa2 18. g5 Nd5 19. f6 Bd6 20. fxg7 Kxg7
21. c4 Be5 22. cxd5 Qa1+ 23. Nb1 Qxb2+ 24. Kd2 Rd8 25. Rc1 Rxd5+ 26. Ke1 c4 27.
c3 Qxf2+ 28. Kxf2 Bxh2 29. Nd2 b5 30. Nf3 Bb8 31. Ra1 e5 32. Bxa7 Bxa7+ 33.
Rxa7 e4 34. Nd4 Kg6 35. Rb7 Rxg5 36. Nxb5 h5 37. Nd6 f5 38. Rb6 Kh7 39. Nxc4 h4
40. Rb1 Kg6 41. Nd6 Rg3 42. c4 Rd3 43. c5 Rc3 44. Rg1+ Kf6 45. Rh1 h3 46. c6
Ke5 47. Nb5 Rc2+ 48. Kg3 Rxc6 49. Rxh3 f4+ 50. Kf2 Rc2+ 51. Ke1 e3 52. Kd1 Rd2+
53. Ke1 Kf5 54. Nc3 Kg4 55. Rh8 Rc2 56. Nd5 Kf3 57. Rh3+ Ke4 58. Nxe3 fxe3 59.
Rh8 {Source: South Wales Dragons} 1/2-1/2

[Event "4NCL chT 1995/96 3rd"]
[Site "Various"]
[Date "1995.11.26"]
[Round "2.73"]
[White "Richardson, John R"]
[Black "James, David J"]
[Result "1/2-1/2"]
[WhiteElo "2295"]
[BlackElo "2270"]
[PlyCount "82"]
[EventDate "1995.11.25"]
[EventType "team-tourn"]
[EventRounds "13"]
[EventCountry "GBR"]
[SourceTitle "BritBase"]
[Source "britbase.info"]
[SourceDate "2021.07.30"]
[SourceVersion "1"]
[SourceVersionDate "2021.07.30"]
[SourceQuality "1"]
[WhiteTeam "Slough"]
[BlackTeam "South Wales Dragons"]
[WhiteTeamCountry "ENG"]
[BlackTeamCountry "ENG"]

1. d4 Nf6 2. c4 e6 3. Nc3 Bb4 4. Bg5 c5 5. d5 d6 6. e3 Bxc3+ 7. bxc3 Qe7 8. Bd3
h6 9. Bxf6 Qxf6 10. Ne2 e5 11. Ng3 g6 12. f4 Nd7 13. O-O Qe7 14. Qf3 f5 15. e4
exf4 16. Qxf4 Ne5 17. Qd2 fxe4 18. Bxe4 Bd7 19. Qf4 g5 20. Qf6 Qxf6 21. Rxf6
Ke7 22. Raf1 Raf8 23. Rxf8 Rxf8 24. Rxf8 Kxf8 25. Bf5 Ke7 26. Kf2 Nxc4 27. Bxd7
Kxd7 28. Nf5 b5 29. Kf3 Ne5+ 30. Ke4 a5 31. Nxh6 a4 32. Nf5 a3 33. Ne3 b4 34.
cxb4 cxb4 35. Nc2 b3 36. axb3 a2 37. Kf5 g4 38. h4 gxh3 39. gxh3 Ke7 40. Ke4
Nd7 41. b4 Kf6 {Source: South Wales Dragons} 1/2-1/2

[Event "4NCL chT 1995/96 3rd"]
[Site "Various"]
[Date "1995.11.26"]
[Round "2.74"]
[White "Richmond, Peter A"]
[Black "Houska, Miroslav"]
[Result "0-1"]
[WhiteElo "2190"]
[BlackElo "2275"]
[PlyCount "84"]
[EventDate "1995.11.25"]
[EventType "team-tourn"]
[EventRounds "13"]
[EventCountry "GBR"]
[SourceTitle "BritBase"]
[Source "britbase.info"]
[SourceDate "2021.07.30"]
[SourceVersion "1"]
[SourceVersionDate "2021.07.30"]
[SourceQuality "1"]
[WhiteTeam "South Wales Dragons"]
[BlackTeam "Slough"]
[WhiteTeamCountry "ENG"]
[BlackTeamCountry "ENG"]

1. e4 d6 2. d4 Nf6 3. Nc3 c6 4. Nf3 g6 5. Be2 Bg7 6. O-O O-O 7. a4 Nbd7 8. h3
e5 9. Be3 Qe7 10. Re1 exd4 11. Bxd4 a5 12. Bf1 Ne5 13. Be3 Nxf3+ 14. Qxf3 Nd7
15. Rad1 Nc5 16. Bf4 Be5 17. Bc4 Qf6 18. Bxe5 Qxf3 19. gxf3 dxe5 20. Kg2 Kg7
21. b3 Kf6 22. Kg3 Ke7 23. h4 f6 24. f4 Bd7 25. Rd2 h6 26. Kf3 g5 27. hxg5 hxg5
28. fxg5 fxg5+ 29. Ke3 g4 30. Be2 Rf4 31. f3 Rh8 32. Rf1 Rh3 33. Bd1 Be8 34.
Rdf2 Bh5 35. Kd2 gxf3 36. Ke3 Ne6 37. Nb1 Ng5 38. Nd2 Rhh4 39. Rg1 Nh3 40. Rgf1
Nxf2 41. Rxf2 Rh1 42. Nf1 Bg4 {Source: South Wales Dragons} 0-1

[Event "4NCL chT 1995/96 3rd"]
[Site "Various"]
[Date "1995.11.26"]
[Round "2.75"]
[White "Smith, Andrew Philip"]
[Black "Spice, Alan P"]
[Result "1-0"]
[WhiteElo "2290"]
[BlackElo "2175"]
[PlyCount "77"]
[EventDate "1995.11.25"]
[EventType "team-tourn"]
[EventRounds "13"]
[EventCountry "GBR"]
[SourceTitle "BritBase"]
[Source "britbase.info"]
[SourceDate "2021.07.30"]
[SourceVersion "1"]
[SourceVersionDate "2021.07.30"]
[SourceQuality "1"]
[WhiteTeam "Slough"]
[BlackTeam "South Wales Dragons"]
[WhiteTeamCountry "ENG"]
[BlackTeamCountry "ENG"]

1. e4 e6 2. d4 d5 3. Nc3 Nf6 4. e5 Nfd7 5. Qh5 c5 6. Nf3 cxd4 7. Nxd4 Qb6 8.
Ndb5 a6 9. Be3 Qa5 10. Nd6+ Bxd6 11. exd6 O-O 12. O-O-O b5 13. Bd3 Nf6 14. Qg5
b4 15. Nb1 Qxa2 16. h4 Nbd7 17. h5 e5 18. h6 g6 19. f4 e4 20. Be2 Ne8 21. Bg4
f5 22. Bh5 Rf6 23. Bd4 Re6 24. Bxg6 Rxg6 25. Qxg6+ hxg6 26. h7+ Kf7 27. h8=Q
Nef6 28. Bxf6 Nxf6 29. Qd8 Ra7 30. Qxc8 Qc4 31. Rh8 Qxc8 32. Rxc8 Ke6 33. Rc7
Rxc7 34. dxc7 Kd7 35. Rd4 Kxc7 36. Kd2 a5 37. c4 bxc3+ 38. Nxc3 Kc6 39. Ra4 {
Source: South Wales Dragons} 1-0

[Event "4NCL chT 1995/96 3rd"]
[Site "Various"]
[Date "1995.11.26"]
[Round "2.77"]
[White "Noyce, Robert"]
[Black "Williams, Leighton"]
[Result "1/2-1/2"]
[WhiteElo "2205"]
[BlackElo "2110"]
[PlyCount "39"]
[EventDate "1995.11.25"]
[EventType "team-tourn"]
[EventRounds "13"]
[EventCountry "GBR"]
[SourceTitle "BritBase"]
[Source "britbase.info"]
[SourceDate "2021.07.30"]
[SourceVersion "1"]
[SourceVersionDate "2021.07.30"]
[SourceQuality "1"]
[WhiteTeam "Slough"]
[BlackTeam "South Wales Dragons"]
[WhiteTeamCountry "ENG"]
[BlackTeamCountry "ENG"]

1. Nf3 d6 2. e4 c5 3. Bb5+ Nd7 4. O-O a6 5. Bxd7+ Bxd7 6. d3 e6 7. Nc3 Nf6 8.
Bg5 Be7 9. h3 O-O 10. Nh2 b5 11. f4 b4 12. Ne2 c4 13. Nf3 Qc7 14. e5 cxd3 15.
cxd3 Nd5 16. Bxe7 Nxe7 17. d4 Bb5 18. Rf2 Rac8 19. Ng3 d5 20. Nh4 {Source:
South Wales Dragons} 1/2-1/2